ბათუმის შოთა რუსთაველის სახელმწიფო უნივერსიტეტის ბიბლიოთეკა

Collaborative assessment : (ბიბ.ჩანაწერი № 58063)

000 -LEADER
fixed length control field 01262cam a22002054a 4500
001 - CONTROL NUMBER
control field 13175607
005 - DATE AND TIME OF LATEST TRANSACTION
control field 20210604115527.0
008 - FIXED-LENGTH DATA ELEMENTS--GENERAL INFORMATION
fixed length control field 030425s2003 nyua b 001 0 eng
020 ## - INTERNATIONAL STANDARD BOOK NUMBER
International Standard Book Number 9780891288695
041 ## - LANGUAGE CODE
Language code of text/sound track or separate title eng
080 ## - UNIVERSAL DECIMAL CLASSIFICATION NUMBER
Universal Decimal Classification number 364.694+371 C-69
245 00 - TITLE STATEMENT
Title Collaborative assessment :
Remainder of title working with students who are blind or visually impaired, including those with additional disabilities /
Statement of responsibility, etc. edited by Stephen A. Goodman and Stuart H. Wittenstein.
264 ## - PRODUCTION, PUBLICATION, DISTRIBUTION, MANUFACTURE, AND COPYRIGHT NOTICE
Place of production, publication, distribution, manufacture New York, N.Y. :
Name of producer, publisher, distributor, manufacturer AFB Press,
Date of production, publication, distribution, manufacture, or copyright notice 2003.
300 ## - PHYSICAL DESCRIPTION
Extent 430 p. :
Other physical details ill. ;
Dimensions 25 cm.
653 ## - INDEX TERM--UNCONTROLLED
keyword работа со слепыми или слабовидящими учениками, в том числе с дополнительными ограниченными возможностями
653 ## - INDEX TERM--UNCONTROLLED
keyword უსინათლო ან მხედველობის დაქვეითებული სტუდენტებთან მუშაობა, მათ შორის დამატებითი შეზღუდული შესაძლებლობის მქონე პირები
700 1# - ADDED ENTRY--PERSONAL NAME
Personal name Goodman, Stephen A.
Relator term რედაქტორი
9 (RLIN) 11955
700 1# - ADDED ENTRY--PERSONAL NAME
Personal name Wittenstein, Stuart H.
Relator term რედაქტორი
9 (RLIN) 11956
942 ## - ADDED ENTRY ELEMENTS (KOHA)
Source of classification or shelving scheme
Koha item type წიგნი
ეგზემპლარები
Withdrawn status Lost status Source of classification or shelving scheme Damaged status Not for loan Permanent Location Current Location Shelving location Date acquired Cost, normal purchase price Full call number Barcode Date last seen Copy number Price effective from Koha item type Public note
          ბათუმის შოთა რუსთაველის სახელმწიფო უნივერსიტეტის მთავარი ბიბლიოთეკა ბათუმის შოთა რუსთაველის სახელმწიფო უნივერსიტეტის მთავარი ბიბლიოთეკა წიგნსაცავი 2021-06-04 246.00 364.694+371 C-69 61354 2021-06-04 61354 2021-06-04 წიგნი 246 ლ.